| 000 | 01210nam a22003257a 4500 | ||
|---|---|---|---|
| 001 | 736 | ||
| 005 | 20250211155157.0 | ||
| 020 | _a9780545055949 (hbk. : alk. paper) | ||
| 020 | _a9780545055956 (pbk.) | ||
| 040 |
_aDLC _cDLC _dDLC _beng |
||
| 050 | 0 | 0 |
_aPZ7.Y3638 _bBnb 2010 |
| 082 | 0 | 0 |
_a[Fic] _222 |
| 100 | 1 | _aYee, Lisa. | |
| 245 | 1 | 0 |
_aFirstBobby the brave (sometimes) / _cwtitten by Lisa Yee ; illustrated by Dan Santat. |
| 250 | _aFirst paperback printing, August 2012. | ||
| 260 |
_aNew York : _bScholastic , _c2012. |
||
| 300 |
_a153 pages : _billustrations ; _c20 cm. |
||
| 505 | _aR | ||
| 520 | _aFourth-grader Bobby is hurt when he hears his father, a former professional football player, say that the two of them are nothing alike, but finally summons the courage to talk about it after he suffers a public asthma attack. | ||
| 521 |
_a690
_bLexile |
||
| 521 |
_aR
_bRaz-Plus |
||
| 650 | 1 |
_aFathers and sons _vFiction. |
|
| 650 | 1 |
_aIndividuality _vFiction. |
|
| 650 | 1 |
_aTheater _vFiction. |
|
| 650 | 1 |
_aAsthma _vFiction. |
|
| 650 | 1 |
_aSchools _vFiction. |
|
| 700 | 1 |
_aSantat, Dan, _eillustrator. |
|
| 906 |
_a7 _bcbc _corignew _d1 _eecip _f20 _gy-gencatlg |
||
| 942 |
_2ddc _cBK _n0 |
||
| 999 |
_c736 _d736 |
||